000 00798cam a22002171 4500
001 e 08000865
003 DLC
005 20260227111150.0
008 780301s1904 gw 00010 ger c
010 _ae 08000865 //r95
040 _aLibrary, U.S. Bureau of Education
_cWMaUCS
_dDLC
043 _ae-be---
050 0 0 _aLC1483
_b.G21
100 1 0 _aGaster, Bernhard,
_d1867-
245 1 4 _aDie moderne frauenbewegung und die reform des höheren mädchenschulwesens.
_bVortrag gehalten am 3. februar 1904 in Antwerpen
_cvon dr. Bernhard Gaster ...
260 0 _aWolfenbüttel,
_bDruck und verlag der Hecknerschen druckerei (inh. H. Wessel)
_c1904.
300 _a56 p.
_c22 cm.
650 0 _aWomen
_xEducation.
650 0 _aWomen
_xEducation
_zBelgium.
650 0 _aWomen
_xSocial and moral questions.
999 _c18745
_d18745